00792 2200301 4500001002100000005001500021035002500036007000300061008004100064020002200105040001700127082001900144084001900163090002300182090002100205100001500226245005200241250002600293260003100319300002500350650002000375700001200395850001200407041000800419999002100427990002100448990002100469INLIS00000000002806420190813095904 a0010-051700000000774ta170531s2017 yoi gr f ind d a978-602-225-324-3 aYOPDYOGbind042[23]a899.2213 a899.2213 Nur S aDEP 899.2213 Nur S aCB-D.11 2017-2170 aNurul Azmi10aSummer sense /cNurul Azmi; penyunting, Ita Nov aCetakan pertama, 2017 aYogyakarta :bSenja,c2017 a212 halaman ;c20 cm 4aFiksi Indonesia0 aIta Nov aYOPDYOG0 aind aCB-D.11/2017-217 aCB-D.11/2017-217 aCB-D.11/2017-217